LDR 01227naa#a2200205#i#450# 001 RU\\bibl\120049 005 20260512132528.2 011 ## _a2500-4026 100 ## _a20210930b2021####ek#y0rusy0150####ca 101 0# _aRUS 102 ## _aRU 200 1# _aРАЗРАБОТКА ПРЕДЛОЖЕНИЙ ПО СОВЕРШЕНСТВОВАНИЮ ОРГАНИЗАЦИИ РАБОЧИХ МЕСТ ОРГАНОВ ПОВСЕДНЕВНОГО УПРАВЛЕНИЯ ЕДИНОЙ ГОСУДАРСТВЕННОЙ СИСТЕМЫ ПРЕДУПРЕЖДЕНИЯ И ЛИКВИДАЦИИ ЧРЕЗВЫЧАЙНЫХ СИТУАЦИЙ И ГРАЖДАНСКОЙ ОБОРОНЫ НА МЕСТНОМ УРОВНЕ _eЖурнальная статья 210 1# _aЖелезногорск _cФГБОУ ВО Сибирская пожарно-спасательная академия ГПС МЧС России _d2021 215 ## _a7 с. 608 ## _aЖурнальная статья _2local 675 ## _aРабочие места и помещения. Места общего пользования. Места отдыха. 331.42 _zRUS 700 #1 _aБелоусов _gВ Н 700 #1 _aРыжов _gА А 700 #1 _aШимитило _gВ Л 856 4# _avestnik-sibpsa.editorum.ru _u